S kozmetickou úpravou platov nesúhlasia Lekársky odborový zväz požaduje plošné zvýšenie platov o 5000 korún

Bibliographic Details
Main Author: Ertlová, Eva, 1931- (Author)
Format: Article
Language:Slovak
Subjects:

MARC

LEADER 00000nab a2200000 a 4500
001 vtls000590603
003 SK-MaSNL
005 20260303191125.0
008 220423c1996 xo 0 slo
015 |a SNBRB19rr/mm-uuuuu 
035 |a CL0590742 
040 |a SNKBUCL  |b slo  |c SNKBUCL  |e AACR2 
041 0 |a slo 
044 |a xo  |c SK 
080 |a 614.257(437.6):331.215:331.881(437.6):614.2  |2 1981 
080 |a 331.215  |2 1981 
080 |a 331.881(437.6)  |2 1981 
100 1 |a Ertlová, Eva,  |d 1931-  |4 aut  |9 37711 
245 1 0 |a S kozmetickou úpravou platov nesúhlasia  |b Lekársky odborový zväz požaduje plošné zvýšenie platov o 5000 korún  |c Eva Ertlová 
650 0 7 |a lekári  |2 snkbucl  |9 3195 
650 0 7 |a pracovníci zdravotnícki  |2 snkbucl  |9 393716 
650 0 7 |a mzdy  |2 snkbucl  |9 2316 
650 0 7 |a Lekárske odborové združenie  |2 snkbucl  |9 898822 
655 7 |a články z novín a časopisov  |2 snkbucl  |9 267496 
773 0 |t Práca  |g Roč. 51, č. 160 (11. 7. 1996), s. 3 
850 |a Slovenská národná knižnica v Martine  |a MTA001 
852 |a SNK  |b KIS3GCP 
958 |a RK 
958 |a ME 
992 |a RBX 
999 |c 2139504  |d 2141434